000 00276nam a22001337a 4500
008 170623b xxu||||| |||| 00| 0 eng d
020 _a9780681071384
041 _aeng
080 _a94
100 _a16
101 _aSHH
245 _aTRUE CRIME
_cFIDO,M
942 _2udc
_cBK
999 _c19023
_d19023